| Tag |
First Indicator |
Second Indicator |
Subfields |
| LEADER |
00000cam a2200000Ii 4500 |
| 001 |
in00003852221 |
| 005 |
20190415181556.0 |
| 006 |
m o d |
| 007 |
cr |n||||||||n |
| 008 |
940714s1894 it o 000 0 ita |
| 035 |
|
|
|a (MiFhGG)MOMW203147
|
| 035 |
|
|
|a (OCoLC)797287343
|
| 040 |
|
|
|a TGPSM
|c UtOrBLW
|d UtOrBLW
|
| 050 |
|
4 |
|a HN17
|b .L675 1894
|
| 100 |
1 |
|
|a Loria, Achille,
|d 1857-1943.
|0 http://id.loc.gov/authorities/names/nr93006421
|
| 245 |
1 |
0 |
|a Problemi sociali contemporanei :
|b lezioni pubbliche tenute nell'Università di Padova, gennaio-maggio 1894 /
|c Achille Loria.
|
| 264 |
|
1 |
|a Milano :
|b M. Kantorowicz,
|c 1894.
|
| 264 |
|
3 |
|b A. Demarchi
|
| 300 |
|
|
|a 1 online resource (131 pages).
|
| 336 |
|
|
|a text
|b txt
|2 rdacontent
|
| 337 |
|
|
|a computer
|b c
|2 rdamedia
|
| 338 |
|
|
|a online resource
|b cr
|2 rdacarrier
|
| 490 |
1 |
|
|a The making of the modern world. Part 2 (1851-1914)
|
| 500 |
|
|
|a Reproduction from the Rare Book and Manuscript Library of Columbia University.
|
| 500 |
|
|
|a Electronic resource.
|
| 650 |
|
0 |
|a Social sciences.
|0 http://id.loc.gov/authorities/subjects/sh85124003
|
| 650 |
|
0 |
|a Social problems.
|0 http://id.loc.gov/authorities/subjects/sh85123988
|
| 655 |
|
7 |
|a Electronic books.
|2 local
|
| 710 |
2 |
|
|a Gale (Firm)
|0 http://id.loc.gov/authorities/names/no2008071348
|
| 830 |
|
0 |
|a Making of the modern world. Part 2 (1851-1914)
|
| 856 |
4 |
0 |
|u http://proxy.library.tamu.edu/login?url=http://find.galegroup.com/openurl/openurl?url_ver=Z39.88-2004&url_ctx_fmt=info:ofi/fmt:kev:mtx:ctx&res_id=info:sid/gale:MOME&ctx_enc=info:ofi:enc:UTF-8&rft_val_fmt=info:ofi/fmt:kev:mtx:unknown&rft.artnum=U113094420&req_dat=info:sid/gale:ugnid:txshracd2898
|z Connect to the full text of this electronic book
|t 0
|
| 999 |
f |
f |
|s 0e1d3188-3c46-3339-a6fd-08cf174f2540
|i 4744f3fc-edde-3426-b5aa-61b6740315d6
|t 0
|
| 952 |
f |
f |
|a Texas A&M University
|b College Station
|c Electronic Resources
|d Available Online
|t 0
|e HN17 .L675 1894
|h Library of Congress classification
|
| 998 |
f |
f |
|a HN17 .L675 1894
|t 0
|l Available Online
|